Quick Pick: Fruity Movies Quiz Stats

 Plays Quiz Updated May 20, 2016

Challenge
Share
Tweet
Embed
Score 0/10 Timer 01:00
2 Plays Today
% Correct
Peach
96.3%
Date
95.6%
Bananas
94.8%
Tomatoes
94.6%
Clementine
94.3%
Orange
94.3%
Pineapple
94%
Grape
93%
Lemon
90.7%
Cherry
88%

Today's Daily Dose

You're not logged in!

Compare scores with friends on all Sporcle quizzes.
OR
Log In

You Might Also Like...

Show Comments

Extras

Top Quizzes Today


Score Distribution

Your Account Isn't Verified!

In order to create a playlist on Sporcle, you need to verify the email address you used during registration. Go to your Sporcle Settings to finish the process.

Report this User

Report this user for behavior that violates our Community Guidelines.

Details: